<?xml version="1.0" encoding="UTF-8"?>
<record
    xmlns:xsi="http://www.w3.org/2001/XMLSchema-instance"
    xsi:schemaLocation="http://www.loc.gov/MARC21/slim http://www.loc.gov/standards/marcxml/schema/MARC21slim.xsd"
    xmlns="http://www.loc.gov/MARC21/slim">

  <leader>02200cab a2200301Ia 45 0</leader>
  <controlfield tag="001">u187738</controlfield>
  <controlfield tag="003">SIRSI</controlfield>
  <controlfield tag="008">101214s2006    ua     ss b         eng d</controlfield>
  <datafield tag="040" ind1=" " ind2=" ">
    <subfield code="a">EAL</subfield>
  </datafield>
  <datafield tag="041" ind1=" " ind2=" ">
    <subfield code="a">eng</subfield>
    <subfield code="b">ara</subfield>
  </datafield>
  <datafield tag="090" ind1=" " ind2=" ">
    <subfield code="a">ART VMJ V54 No4 9</subfield>
  </datafield>
  <datafield tag="100" ind1="1" ind2=" ">
    <subfield code="a">Abbass, Amany A. </subfield>
  </datafield>
  <datafield tag="240" ind1="1" ind2="0">
    <subfield code="a">Veterinary medical journal, 2006 v.54 (4)</subfield>
    <subfield code="h">[electronic resource].</subfield>
  </datafield>
  <datafield tag="245" ind1="1" ind2="0">
    <subfield code="a">Listonellosis in ciarias gariepinus :</subfield>
    <subfield code="b">phenotypic and serological identification of ustoneuaanguilla.rum isolated from ulcerative lesions</subfield>
    <subfield code="h">[electronic resource].</subfield>
  </datafield>
  <datafield tag="246" ind1="1" ind2="5">
    <subfield code="a">&#x645;&#x631;&#x636; &#x627;&#x644;&#x644;&#x64A;&#x633;&#x62A;&#x648;&#x646;&#x64A;&#x644;&#x648;&#x632;&#x64A;&#x632; &#x641;&#x649; &#x623;&#x633;&#x645;&#x627;&#x643; &#x627;&#x644;&#x643;&#x644;&#x627;&#x631;&#x64A;&#x633; &#x62C;&#x627;&#x631;&#x64A;&#x628;&#x64A;&#x646;&#x633;:</subfield>
    <subfield code="b"> &#x627;&#x644;&#x62A;&#x635;&#x646;&#x64A;&#x641; &#x627;&#x644;&#x638;&#x627;&#x647;&#x631;&#x649; &#x648;&#x627;&#x644;&#x633;&#x64A;&#x631;&#x648;&#x644;&#x648;&#x62C;&#x649; &#x644;&#x644;&#x64A;&#x633;&#x62A;&#x648;&#x646;&#x64A;&#x644;&#x627; &#x627;&#x646;&#x62C;&#x648;&#x644;&#x64A;&#x631;&#x645; &#x627;&#x644;&#x645;&#x639;&#x632;&#x648;&#x644;&#x647; &#x645;&#x646; &#x627;&#x644;&#x623;&#x636;&#x631;&#x627;&#x631; &#x627;&#x644;&#x645;&#x631;&#x636;&#x64A;&#x629; &#x627;&#x644;&#x62A;&#x642;&#x631;&#x62D;&#x64A;&#x629;.</subfield>
  </datafield>
  <datafield tag="300" ind1=" " ind2=" ">
    <subfield code="a">p.825-840.</subfield>
  </datafield>
  <datafield tag="504" ind1=" " ind2=" ">
    <subfield code="a">Includes references.</subfield>
  </datafield>
  <datafield tag="520" ind1=" " ind2=" ">
    <subfield code="a">In the present study ten isolates of Ustonella anguil/ arum were isolated from Clarias gariepi&#xB7;&#xB7; /lU.\' exhibited ulcerative lesions. The prevalence of infection was 16.7 %. The organisms were identified phenotypically to be a variant strains of L. 1Illguil!arum and the biochemical deviation were found in Voges Proskauer test and fermenta-&#xB7; tion of mannitol. Experimentally, the infected fish showed severe skin ulcerations and high mortality rate. Electrophoresis of serum proteins revealed a significant decrease in &#x3B4;,&#x3B2; and &#x3B1; globulins on day 4 post infection (PI) and for &#x3B2; globulin only on day 8 PI. In addition, the total serum globulin was dropped significantly on day 4 PI and nonsignificantly on day 8 PI when compared with its value for control group. Moreover, the albumin / globulin ratio was significantly elevated in the infected groups than in control one.</subfield>
  </datafield>
  <datafield tag="546" ind1=" " ind2=" ">
    <subfield code="a">Summary in Arabic.</subfield>
  </datafield>
  <datafield tag="650" ind1=" " ind2="0">
    <subfield code="a">Fishes</subfield>
    <subfield code="x">Diseases</subfield>
    <subfield code="x">Diagnosis.</subfield>
  </datafield>
  <datafield tag="650" ind1=" " ind2="0">
    <subfield code="a">Fishes</subfield>
    <subfield code="x">Diseases</subfield>
    <subfield code="x">Research.</subfield>
  </datafield>
  <datafield tag="650" ind1=" " ind2="0">
    <subfield code="a">Clarias gariepinus</subfield>
    <subfield code="x">Diseases</subfield>
    <subfield code="x">Diagnosis.</subfield>
  </datafield>
  <datafield tag="650" ind1=" " ind2="0">
    <subfield code="a">Clarias gariepinus</subfield>
    <subfield code="x">Diseases</subfield>
    <subfield code="x">Research.</subfield>
  </datafield>
  <datafield tag="700" ind1="1" ind2=" ">
    <subfield code="a">Sobhy, Mona M.</subfield>
  </datafield>
  <datafield tag="773" ind1="0" ind2=" ">
    <subfield code="t">Veterinary Medical Journal. </subfield>
    <subfield code="g">2006.v.54(4)</subfield>
    <subfield code="x">1110-1423</subfield>
    <subfield code="7">nass</subfield>
    <subfield code="w">u159328</subfield>
  </datafield>
  <datafield tag="856" ind1="4" ind2="0">
    <subfield code="u">http://nile.enal.sci.eg/EALE/2006/VMJ/5406/4/825.pdf</subfield>
    <subfield code="z">Full Text Article.</subfield>
  </datafield>
  <datafield tag="596" ind1=" " ind2=" ">
    <subfield code="a">1</subfield>
  </datafield>
  <datafield tag="942" ind1=" " ind2=" ">
    <subfield code="c">AR</subfield>
    <subfield code="2">lcc</subfield>
  </datafield>
  <datafield tag="999" ind1=" " ind2=" ">
    <subfield code="c">42677</subfield>
    <subfield code="d">42677</subfield>
  </datafield>
</record>
